000 00596nam a2200169 a 4500
001 000043060
005 20201002040616.0
008 140218s1997 xxuc 000 0 spa d
020 _a1882606256
040 _aDO-SdBNP
_bspa
_cBNPHU
100 1 _aParry, Robert
_970583
245 1 0 _aTai Chi Made Easy :
_ba step-by-step guide to health and relaxation /
_cRobert Parry; fotografía, Laura Wickenden.
260 _aAllentown, Pensilvania, EE. UU. :
_bPeople´s medical society,
_c1997.
300 _a144 p. :
_bretrs. ;
_c28 cm.
500 _aIncluye índice
700 1 _aWickenden, Laura
_efot.
_970584
999 _c42549
_d42549